书目信息 |
| 题名: |
微型计算机系统板测试及维修
|
|
| 作者: | 金光惠 编著 | |
| 分册: | ||
| 出版信息: | 北京 人民邮电出版社 1995.10 |
|
| 页数: | 161页 | |
| 开本: | 16开 | |
| 丛书名: | ||
| 单 册: | ||
| 中图分类: | TP36 | |
| 科图分类: | ||
| 主题词: | 微型计算机 | |
| 电子资源: | ||
| ISBN: | 7-115-05793-1 | |
| 000 | 00582nam0 2200193 45 | |
| 001 | 0005151549 | |
| 005 | 20000515153155.3 | |
| 010 | @a7-115-05793-1@d14.00元 | |
| 100 | @a20000515d1995 km y0chiy0120 ea | |
| 101 | @achi | |
| 105 | @a z 000yy | |
| 200 | 1 | @a微型计算机系统板测试及维修@AWei Xing Ji Suan Ji XiTong Ban Ce Shi Ji Wei Xiu@f金光惠编著@FJin Guang Hui Bian Zhu |
| 210 | @a北京@c人民邮电出版社@d1995.10 | |
| 215 | @a161页@d16开 | |
| 606 | 0 | @a微型计算机 |
| 690 | @aTP36@v3 | |
| 701 | @a金光惠@4编著 | |
| 801 | @aCN@bPftUser@c20000515 | |
| 905 | @f2@b55272-273@dTP36@eJ319 | |
| 微型计算机系统板测试及维修/金光惠编著.-北京:人民邮电出版社,1995.10 |
| 161页;16开 |
| ISBN 7-115-05793-1:14.00元 |
| ● |
| 相关链接 |
|
|
|
正题名:微型计算机系统板测试及维修
索取号:TP36/J319
 
预约/预借
| 序号 | 登录号 | 条形码 | 馆藏地/架位号 | 状态 | 备注 |
| 1 | 55272 | 200552721 | 自科库301/301自科库 85排2列2层/ [索取号:TP36/J319] | 在馆 | |
| 2 | 55273 | 200552730 | 自科库301/301自科库 85排2列2层/ [索取号:TP36/J319] | 在馆 |